[Event "ODJM A 2015"]
[Site "Willingen GER"]
[Date "2015.05.26"]
[Round "4"]
[White "Stockter, Jasper Enno"]
[Black "Udaykumar, Arunn Mark"]
[Result "0-1"]
[Termination "normal"]
[Board "40"]
[WhiteElo "1484"]
[BlackElo "1824"]
[PlyCount "36"]
[WhiteFideId "12957291"]
[BlackFideId "12965456"]
[EventCountry "GER"]
[EventRounds "9"]
[EventType "swiss"]
[EventDate "2015.05.23"]

1. e4 e5 2. Nf3 Nc6 3. d4 exd4 4. Nxd4 Bc5 5. Be3 Qf6 6. c3 Nge7 7. Be2 O-O 8.
O-O d5 9. exd5 Nxd5 10. Bf3 Nxe3 11. fxe3 Qh6 12. Re1 Ne5 13. Kh1 Re8 14. Nb5
Bb6 15. e4 c6 16. Nd6 Rd8 17. Nxf7 Nxf7 18. Qe2 Bc7 0-1

[Event "ODJM A 2015"]
[Site "Willingen GER"]
[Date "2015.05.26"]
[Round "4"]
[White "Leimbach, Tim Vincent"]
[Black "Lohrmann, Tabea"]
[Result "0-1"]
[Termination "normal"]
[Board "41"]
[WhiteElo "1699"]
[BlackElo "1493"]
[PlyCount "104"]
[WhiteFideId "12988600"]
[BlackFideId "12911941"]
[EventCountry "GER"]
[EventRounds "9"]
[EventType "swiss"]
[EventDate "2015.05.23"]

1. e4 e5 2. Nf3 Nc6 3. Bc4 Bc5 4. O-O Nf6 5. d4 exd4 6. e5 d5 7. exf6 dxc4 8.
fxg7 Rg8 9. Ng5 Rxg7 10. Qh5 Bf5 11. Re1+ Be7 12. g4 Kf8 13. f4 Bxg5 14. fxg5
Bxc2 15. Na3 Bg6 16. Qh3 d3 17. Bd2 Nd4 18. Bc3 Ne2+ 19. Rxe2 dxe2 20. Bxg7+
Kxg7 21. Re1 Qd4+ 22. Kg2 Be4+ 23. Kg3 Qe3+ 24. Kh4 Qxh3+ 25. Kxh3 Bd3 26. Kg3
c6 27. Kf2 b5 28. Nb1 b4 29. Ke3 Re8+ 30. Kf2 Kg6 31. Nd2 Kxg5 32. Kg3 Re3+ 33.
Nf3+ Kf6 34. Kf2 Re4 35. h3 c3 36. b3 c5 37. Rc1 a5 38. Ne1 c4 39. Kf3 Re8 40.
h4 Ke5 41. Nxd3+ cxd3 42. Re1 Kd4 43. g5 d2 44. Rxe2 Rxe2 45. Kxe2 Ke4 46. h5
Kf5 47. g6 fxg6 48. hxg6 Kxg6 49. Kd1 h5 50. Kc2 h4 51. a3 bxa3 52. b4 a2 0-1

[Event "ODJM A 2015"]
[Site "Willingen GER"]
[Date "2015.05.27"]
[Round "6"]
[White "Wenninger, Philipp"]
[Black "Poetsch, Hagen"]
[Result "1/2-1/2"]
[Termination "normal"]
[Board "1"]
[BlackTitle "IM"]
[WhiteElo "2268"]
[BlackElo "2481"]
[WhiteClock "00:02:09"]
[BlackClock "00:26:40"]
[PlyCount "101"]
[WhiteFideId "4648404"]
[BlackFideId "24615137"]
[EventCountry "GER"]
[EventRounds "9"]
[EventType "swiss"]
[EventDate "2015.05.23"]

1. d4 d5 2. c4 dxc4 3. Nf3 Nf6 4. e3 g6 5. Bxc4 Bg7 6. O-O O-O 7. b4 Nbd7 8.
Bb2 Nb6 9. Bb3 a5 10. bxa5 Rxa5 11. Nbd2 Nfd5 12. Ne4 c6 13. Rc1 Nf6 14. Nc5
Nbd7 15. Nd3 Ne4 16. Qe2 e6 17. Rfd1 Qe7 18. h3 Rd8 19. Nfe5 Ra8 20. Nxd7 Bxd7
21. Nc5 Nxc5 22. dxc5 Be8 23. Bxg7 Kxg7 24. Qc4 e5 25. Qb4 Rxd1+ 26. Rxd1 b5
27. Rd6 Rd8 28. a4 bxa4 29. Bxa4 Rxd6 30. cxd6 Qa7 31. Qc4 Qb6 32. Bb3 Qa7 33.
Kh2 h6 34. f4 exf4 35. exf4 Qd7 36. Qd4+ f6 37. g4 Bf7 38. Bxf7 Kxf7 39. f5
gxf5 40. gxf5 h5 41. Qc4+ Kg7 42. Qe6 Qa7 43. Kg2 Qd4 44. d7 Qd2+ 45. Kf1 Qd1+
46. Kf2 Qd2+ 47. Kf3 Qd3+ 48. Kg2 Qd2+ 49. Kf1 Qd1+ 50. Kf2 Qd2+ 51. Kf1
1/2-1/2

[Event "ODJM A 2015"]
[Site "Willingen GER"]
[Date "2015.05.27"]
[Round "6"]
[White "Meißner, Felix"]
[Black "Oberhofer, Cédric"]
[Result "1-0"]
[Termination "normal"]
[Board "2"]
[WhiteTitle "FM"]
[WhiteElo "2268"]
[BlackElo "2136"]
[WhiteClock "00:41:55"]
[BlackClock "00:13:36"]
[PlyCount "101"]
[WhiteFideId "24671827"]
[BlackFideId "12941220"]
[EventCountry "GER"]
[EventRounds "9"]
[EventType "swiss"]
[EventDate "2015.05.23"]

1. d4 Nf6 2. Nf3 g6 3. c4 Bg7 4. Nc3 d5 5. Qa4+ c6 6. e3 O-O 7. Be2 Nbd7 8.
cxd5 Nxd5 9. Nxd5 cxd5 10. O-O Nf6 11. Qb3 Qb6 12. Qxb6 axb6 13. Bd2 Bf5 14.
Rfc1 Rfc8 15. a3 Ne4 16. Bb4 Bf6 17. Bb5 Rxc1+ 18. Rxc1 Rc8 19. Rxc8+ Bxc8 20.
Ne1 Ng5 21. Nd3 Ne6 22. f3 Kf8 23. Be1 Bg5 24. Kf2 Bh4+ 25. g3 Bf6 26. Ba4 h5
27. Ke2 Nc7 28. Ne5 Bxe5 29. dxe5 Na6 30. b4 Nb8 31. Bb3 e6 32. a4 b5 33. axb5
Nd7 34. Bc3 Nb6 35. Bd4 Nc4 36. Kd3 Na3 37. Bc5+ Ke8 38. e4 dxe4+ 39. Kxe4 Bd7
40. g4 hxg4 41. fxg4 Nxb5 42. Kf4 b6 43. Bxb6 Kf8 44. Bc5+ Kg7 45. Ba4 f6 46.
exf6+ Kxf6 47. g5+ Kf7 48. Ke5 Bc6 49. h3 Be8 50. Bb3 Bd7 51. Bc4 1-0

[Event "ODJM A 2015"]
[Site "Willingen GER"]
[Date "2015.05.27"]
[Round "6"]
[White "Schmider, Niklas"]
[Black "Steingräber, Kai Uwe"]
[Result "0-1"]
[Termination "normal"]
[Board "3"]
[WhiteElo "2014"]
[BlackElo "2195"]
[WhiteClock "00:08:43"]
[BlackClock "00:08:10"]
[PlyCount "74"]
[WhiteFideId "12993778"]
[BlackFideId "1271602"]
[EventCountry "GER"]
[EventRounds "9"]
[EventType "swiss"]
[EventDate "2015.05.23"]

1. e4 c5 2. Nc3 a6 3. g3 b5 4. Bg2 Bb7 5. d3 e6 6. Nf3 Nf6 7. O-O d6 8. h3 Be7
9. Be3 O-O 10. Qd2 Qc7 11. Ne2 Nbd7 12. Nh2 d5 13. exd5 Nxd5 14. Nf4 Nxe3 15.
Qxe3 Bxg2 16. Kxg2 Bf6 17. Rab1 g6 18. h4 h5 19. Nf3 Ne5 20. Nxe5 Bxe5 21. Nh3
Rad8 22. Rfe1 Bd4 23. Qf3 Rd5 24. Nf4 Rf5 25. Qe4 Re5 26. Qf3 Rxe1 27. Rxe1
Bxb2 28. g4 Bc3 29. Rg1 Bd2 30. Ne2 hxg4 31. Qxg4 Qe5 32. Kh1 Kg7 33. Ng3 Rh8
34. Kg2 Bf4 35. Ne2 Qd5+ 36. Kf1 Bd6 37. Nc3 Qh5 0-1

[Event "ODJM A 2015"]
[Site "Willingen GER"]
[Date "2015.05.27"]
[Round "6"]
[White "Doberitz, Paul"]
[Black "Zahn, Benno"]
[Result "1/2-1/2"]
[Termination "normal"]
[Board "4"]
[WhiteElo "2194"]
[BlackElo "2056"]
[WhiteClock "00:06:13"]
[BlackClock "00:12:12"]
[PlyCount "114"]
[WhiteFideId "24646130"]
[BlackFideId "24636070"]
[EventCountry "GER"]
[EventRounds "9"]
[EventType "swiss"]
[EventDate "2015.05.23"]

1. e4 c5 2. Nf3 d6 3. d4 cxd4 4. Nxd4 Nf6 5. Nc3 a6 6. Be3 e6 7. Be2 Nbd7 8. f4
b5 9. Bf3 e5 10. Nf5 Qc7 11. Qd2 g6 12. Ng3 Bb7 13. a3 Nb6 14. Be2 Rc8 15. O-O
Nfd7 16. f5 f6 17. Rf2 Nc4 18. Bxc4 Qxc4 19. Rd1 Rg8 20. Nd5 Bxd5 21. Qxd5 Qxd5
22. Rxd5 Rc6 23. Kf1 Be7 24. Rfd2 Nb6 25. Bxb6 Rxb6 26. Kf2 Kd7 27. Kf3 Bf8 28.
Nf1 Bh6 29. Rd1 Rc6 30. c3 Kc7 31. h3 Kd7 32. g4 Bf4 33. R5d3 g5 34. Ne3 Bxe3
35. Kxe3 h6 36. Kf3 Ke7 37. R3d2 Rh8 38. h4 h5 39. gxh5 Rxh5 40. hxg5 Rxg5 41.
Rh1 Kf7 42. Rh8 Rg8 43. Rdh2 Rc7 44. R2h7+ Rg7 45. Rh6 d5 46. exd5 Rc4 47. d6
Rf4+ 48. Ke2 Rg2+ 49. Kd3 Rxf5 50. d7 Rf3+ 51. Ke4 Rf4+ 52. Ke3 Rg3+ 53. Ke2
Rg2+ 54. Ke1 Rg1+ 55. Kd2 Rg2+ 56. Kd3 Rf3+ 57. Ke4 Rf5 1/2-1/2

[Event "ODJM A 2015"]
[Site "Willingen GER"]
[Date "2015.05.27"]
[Round "6"]
[White "Riehle, Marco"]
[Black "Terhuven, Patrick"]
[Result "1-0"]
[Termination "normal"]
[Board "5"]
[WhiteElo "2062"]
[BlackElo "2028"]
[WhiteClock "01:43:27"]
[BlackClock "00:08:45"]
[PlyCount "95"]
[WhiteFideId "12904392"]
[BlackFideId "12919098"]
[EventCountry "GER"]
[EventRounds "9"]
[EventType "swiss"]
[EventDate "2015.05.23"]

1. e4 c5 2. Nf3 Nc6 3. d4 cxd4 4. Nxd4 g6 5. c4 Nf6 6. Nc3 Nxd4 7. Qxd4 d6 8.
Nd5 Bg7 9. Bg5 O-O 10. Bxf6 exf6 11. Qd2 f5 12. exf5 Bxf5 13. Be2 Re8 14. O-O
Rc8 15. Rad1 Qh4 16. f4 Re4 17. g3 Qh3 18. b3 Bg4 19. Rde1 Rce8 20. Bxg4 Qxg4
21. Rxe4 Rxe4 22. Re1 Qf3 23. Rxe4 Qxe4 24. Qe3 Qb1+ 25. Kg2 Qc2+ 26. Kh3 Qf5+
27. g4 Qe6 28. Kg3 Qxe3+ 29. Nxe3 Kf8 30. Kf3 Ke7 31. Ke4 Ke6 32. h4 h5 33. f5+
Kd7 34. fxg6 fxg6 35. gxh5 gxh5 36. Kf5 Kc6 37. Kg5 b5 38. cxb5+ Kxb5 39. Kxh5
a5 40. Kg6 Bh8 41. h5 Kb4 42. h6 d5 43. Nxd5+ Ka3 44. Ne7 Kxa2 45. Nc6 Kxb3 46.
Nxa5+ Kc3 47. Nc6 Kc4 48. Ne7 1-0

[Event "ODJM A 2015"]
[Site "Willingen GER"]
[Date "2015.05.27"]
[Round "6"]
[White "Koch, Yannick"]
[Black "Kardoeus, David"]
[Result "1/2-1/2"]
[Termination "normal"]
[Board "6"]
[WhiteElo "1892"]
[BlackElo "2176"]
[WhiteClock "00:25:13"]
[BlackClock "00:05:25"]
[PlyCount "83"]
[WhiteFideId "24661678"]
[BlackFideId "12912050"]
[EventCountry "GER"]
[EventRounds "9"]
[EventType "swiss"]
[EventDate "2015.05.23"]

1. d4 Nf6 2. c4 Nc6 3. Nf3 d6 4. Nc3 e5 5. d5 Ne7 6. Bg5 Nd7 7. e4 g6 8. Be2
Bg7 9. O-O h6 10. Be3 O-O 11. Qd2 Kh7 12. Ne1 f5 13. f4 exf4 14. Bxf4 g5 15.
Be3 f4 16. Bd4 Ne5 17. Nf3 N7g6 18. Nxe5 Bxe5 19. c5 Qe7 20. cxd6 cxd6 21. Rac1
Bd7 22. Bb5 Rf7 23. Bxd7 Qxd7 24. Ne2 Qg4 25. Bxe5 Nxe5 26. Rc3 f3 27. Ng3 Raf8
28. Qc2 Rf4 29. Nf5 f2+ 30. Rxf2 Rxf2 31. Kxf2 Qh4+ 32. Rg3 Qxh2 33. Qc7+ Rf7
34. Qxd6 Ng4+ 35. Ke2 Qh5 36. Rh3 Qg6 37. Qxg6+ Kxg6 38. Rh1 h5 39. Rc1 Nf6 40.
Kd3 Nxd5 41. Nh4+ gxh4 42. Kd4 1/2-1/2

[Event "ODJM A 2015"]
[Site "Willingen GER"]
[Date "2015.05.27"]
[Round "6"]
[White "Böhning, Kilian"]
[Black "Balazs, Balint"]
[Result "1/2-1/2"]
[Termination "normal"]
[Board "7"]
[WhiteElo "2016"]
[BlackElo "2034"]
[WhiteClock "01:09:25"]
[BlackClock "01:14:31"]
[PlyCount "62"]
[WhiteFideId "1270499"]
[BlackFideId "12922757"]
[EventCountry "GER"]
[EventRounds "9"]
[EventType "swiss"]
[EventDate "2015.05.23"]

1. d4 Nf6 2. Bg5 d5 3. Nf3 Bf5 4. e3 e6 5. Nbd2 Nbd7 6. Nh4 h6 7. Bxf6 Nxf6 8.
Nxf5 exf5 9. Qf3 Qd7 10. Be2 Ne4 11. Nxe4 fxe4 12. Qg4 Qxg4 13. Bxg4 g6 14.
O-O-O f5 15. Be2 Kd7 16. c4 c6 17. Kb1 Bd6 18. Rc1 a6 19. Bd1 Rac8 20. Bb3 Ke6
21. Rc2 Rc7 22. g3 Rhc8 23. h4 h5 24. Rhc1 b5 25. cxd5+ cxd5 26. Rxc7 Rxc7 27.
Rxc7 Bxc7 28. Kc2 Ba5 29. Kd1 Kd6 30. Ke2 Ke6 31. a3 Kd6 1/2-1/2

[Event "ODJM A 2015"]
[Site "Willingen GER"]
[Date "2015.05.27"]
[Round "6"]
[White "Schnabel, Bennett"]
[Black "Reisberg, Andre"]
[Result "1/2-1/2"]
[Termination "normal"]
[Board "8"]
[WhiteElo "1864"]
[BlackElo "1977"]
[WhiteClock "00:23:33"]
[BlackClock "00:19:55"]
[PlyCount "83"]
[WhiteFideId "12943290"]
[BlackFideId "1270630"]
[EventCountry "GER"]
[EventRounds "9"]
[EventType "swiss"]
[EventDate "2015.05.23"]

1. e4 e6 2. d4 d5 3. Nd2 c5 4. exd5 Qxd5 5. Ngf3 cxd4 6. Nb3 Nc6 7. Nbxd4 Nxd4
8. Qxd4 Nf6 9. Qxd5 Nxd5 10. Bc4 Nb6 11. Bb3 Bc5 12. O-O Bd7 13. Bf4 Bc6 14.
Ne5 Bd5 15. Bxd5 Nxd5 16. Bg3 h5 17. Nd3 Be7 18. Be5 O-O 19. c3 Rfd8 20. Rad1
Rac8 21. Nf4 Nxf4 22. Bxf4 Bf6 23. Be3 b6 24. Rfe1 Kf8 25. Kf1 Ke7 26. Ke2 Rd6
27. Rxd6 Kxd6 28. Rd1+ Kc6 29. Kf3 Rd8 30. Rxd8 Bxd8 31. c4 Bf6 32. b3 Bc3 33.
Ke4 f5+ 34. Kd3 Bf6 35. a4 e5 36. f3 a5 37. Bf2 g6 38. h3 Bg5 39. Bg3 Bf6 40.
Bf2 Bg5 41. Bg3 Bf6 42. Bf2 1/2-1/2

[Event "ODJM A 2015"]
[Site "Willingen GER"]
[Date "2015.05.27"]
[Round "6"]
[White "Stemmler, Fabian"]
[Black "Borchert, René"]
[Result "1/2-1/2"]
[Termination "normal"]
[Board "10"]
[WhiteElo "1940"]
[BlackElo "1979"]
[PlyCount "82"]
[WhiteFideId "12964808"]
[BlackFideId "12990671"]
[EventCountry "GER"]
[EventRounds "9"]
[EventType "swiss"]
[EventDate "2015.05.23"]

1. d4 d5 2. Nf3 Nf6 3. c4 c6 4. e3 e6 5. b3 Nbd7 6. Bb2 Bd6 7. Bd3 O-O 8. O-O
Re8 9. Ne5 c5 10. f4 dxc4 11. Nxc4 Be7 12. Nbd2 b5 13. Ne5 Qb6 14. Rc1 Bb7 15.
Ndf3 Nxe5 16. Nxe5 Rad8 17. Qe2 a6 18. Rfd1 Rc8 19. h3 cxd4 20. Bxd4 Qa5 21.
Ng4 Nxg4 22. Qxg4 g6 23. Qe2 Ba3 24. Rxc8 Rxc8 25. Bf6 Qb6 26. Kh2 Qc7 27. Be5
Qe7 28. Bb1 Bd5 29. e4 Bb7 30. Qd3 f6 31. Bd6 Bxd6 32. Qxd6 Kf7 33. Qd3 e5 34.
g3 b4 35. Qd2 a5 36. Bd3 exf4 37. gxf4 Kg7 38. Re1 Qc5 39. e5 fxe5 40. Rxe5 Qd6
41. Qe3 Rc7 1/2-1/2

[Event "ODJM A 2015"]
[Site "Willingen GER"]
[Date "2015.05.27"]
[Round "6"]
[White "Torzinski, Nils"]
[Black "Quante, Lennart"]
[Result "0-1"]
[Termination "normal"]
[Board "11"]
[WhiteElo "1859"]
[BlackElo "2092"]
[PlyCount "58"]
[WhiteFideId "24695840"]
[BlackFideId "12979627"]
[EventCountry "GER"]
[EventRounds "9"]
[EventType "swiss"]
[EventDate "2015.05.23"]

1. e4 c5 2. Nc3 a6 3. a4 e6 4. f4 d5 5. d3 d4 6. Nce2 Nc6 7. Nf3 Be7 8. g3 Nf6
9. Bg2 Rb8 10. O-O O-O 11. c4 dxc3 12. bxc3 Qc7 13. Qc2 b5 14. axb5 axb5 15.
Bd2 Rd8 16. Kh1 Qd7 17. d4 b4 18. dxc5 b3 19. Qb1 Bxc5 20. h3 Qd3 21. Qxd3 Rxd3
22. e5 Ne4 23. Ne1 Rxd2 24. Bxe4 Rxe2 25. Bxc6 b2 26. Rb1 Bf2 27. Kg2 Rxe1 28.
Kxf2 Rxf1+ 29. Kxf1 Ba6+ 0-1

[Event "ODJM A 2015"]
[Site "Willingen GER"]
[Date "2015.05.27"]
[Round "6"]
[White "Thumm, Felix"]
[Black "Bösel, Alexander"]
[Result "1/2-1/2"]
[Termination "normal"]
[Board "12"]
[WhiteElo "1802"]
[BlackElo "1992"]
[PlyCount "70"]
[WhiteFideId "12902209"]
[BlackFideId "4623185"]
[EventCountry "GER"]
[EventRounds "9"]
[EventType "swiss"]
[EventDate "2015.05.23"]

1. d4 Nf6 2. Nf3 g6 3. e3 Bg7 4. b3 d5 5. Bb2 Bg4 6. Nbd2 O-O 7. Bd3 Nbd7 8. h3
Bxf3 9. Nxf3 c5 10. O-O a6 11. Rc1 Qa5 12. Qd2 Qxd2 13. Nxd2 cxd4 14. exd4 Rfc8
15. Nf3 e6 16. Rfe1 b5 17. Ra1 Nb6 18. Ne5 Bf8 19. a3 Rc7 20. Re3 Bh6 21. Re2
Ne8 22. Rf1 Nd6 23. f4 Nbc4 24. Bc1 Bf8 25. Ref2 Nb6 26. g4 f5 27. gxf5 gxf5
28. Rg2+ Rg7 29. Nf3 h6 30. Rff2 Ne4 31. Rxg7+ Bxg7 32. Rg2 Kf7 33. Ne5+ Bxe5
34. dxe5 Rg8 35. Rxg8 Kxg8 1/2-1/2

[Event "ODJM A 2015"]
[Site "Willingen GER"]
[Date "2015.05.27"]
[Round "6"]
[White "Hirtreiter, Pierre"]
[Black "Heldt, Nils-Lennart"]
[Result "1/2-1/2"]
[Termination "normal"]
[Board "13"]
[WhiteElo "2027"]
[BlackElo "1844"]
[PlyCount "57"]
[WhiteFideId "12966312"]
[BlackFideId "12952109"]
[EventCountry "GER"]
[EventRounds "9"]
[EventType "swiss"]
[EventDate "2015.05.23"]

1. e4 e5 2. Nf3 Nc6 3. Bc4 Bc5 4. c3 Nf6 5. d3 a6 6. Bb3 d6 7. Nbd2 Ba7 8. Nf1
h6 9. h3 Qe7 10. Qe2 Be6 11. Be3 Bxb3 12. axb3 Qe6 13. b4 Qe7 14. Ng3 O-O 15.
Nf5 Qe6 16. g4 Bxe3 17. Qxe3 d5 18. g5 d4 19. cxd4 Nxb4 20. Rc1 hxg5 21. Nxg7
Kxg7 22. Qxg5+ Kh8 23. Qh4+ Nh7 24. Ng5 Qg6 25. Nxh7 Qxh7 26. Qf6+ Qg7 27. Qh4+
Qh7 28. Qf6+ Qg7 29. Qh4+ 1/2-1/2

[Event "ODJM A 2015"]
[Site "Willingen GER"]
[Date "2015.05.27"]
[Round "6"]
[White "Paulus, Jeffrey"]
[Black "Wastian, Jan"]
[Result "1-0"]
[Termination "normal"]
[Board "14"]
[WhiteElo "1968"]
[BlackElo "1672"]
[PlyCount "109"]
[WhiteFideId "24692468"]
[BlackFideId "12911640"]
[EventCountry "GER"]
[EventRounds "9"]
[EventType "swiss"]
[EventDate "2015.05.23"]

1. e4 c6 2. d4 d5 3. e5 Bf5 4. h4 h5 5. c4 e6 6. Nc3 Ne7 7. Bd3 Bxd3 8. Qxd3
dxc4 9. Qxc4 Nd5 10. Nf3 Be7 11. Bg5 Nd7 12. O-O O-O 13. Rae1 Re8 14. Qd3 Nf8
15. Ne4 f6 16. exf6 Nxf6 17. Ng3 Qd6 18. Bxf6 Bxf6 19. Nxh5 Qe7 20. Qe4 Rad8
21. g3 Rd6 22. Qg4 Red8 23. Re4 Rd5 24. Rfe1 Re8 25. Nf4 Rd6 26. Nh3 Nh7 27.
Nfg5 Bxg5 28. Nxg5 Nf6 29. Rxe6 Rxe6 30. Qxe6+ Qxe6 31. Rxe6 Rxe6 32. Nxe6 b6
33. Nd8 c5 34. dxc5 bxc5 35. f3 Nd7 36. Kf2 Kf8 37. Ne6+ Kf7 38. Nc7 Ne5 39.
Ke2 Ke7 40. f4 Nc4 41. b3 Nb6 42. Nb5 a6 43. Nc3 Ke6 44. g4 Nd7 45. Kf3 g6 46.
h5 gxh5 47. gxh5 Kf5 48. Ne4 Ke6 49. h6 Kf7 50. Ng5+ Kg6 51. h7 Kg7 52. f5 Nf6
53. Kf4 Nd7 54. Ke4 Nf6+ 55. Ke5 1-0

[Event "ODJM A 2015"]
[Site "Willingen GER"]
[Date "2015.05.27"]
[Round "6"]
[White "Leyrer, Thomas"]
[Black "Dittrich, Tom"]
[Result "1-0"]
[Termination "normal"]
[Board "15"]
[WhiteElo "1864"]
[BlackElo "1762"]
[PlyCount "65"]
[WhiteFideId "12908274"]
[BlackFideId "12923532"]
[EventCountry "GER"]
[EventRounds "9"]
[EventType "swiss"]
[EventDate "2015.05.23"]

1. d4 Nf6 2. c4 g6 3. f3 Bg7 4. e4 d6 5. Nc3 O-O 6. Be3 a6 7. Bd3 Nbd7 8. Nge2
c5 9. O-O cxd4 10. Nxd4 Nc5 11. Bc2 Qc7 12. Nd5 Nxd5 13. cxd5 Nd7 14. Rc1 Qd8
15. Qd2 Ne5 16. Bb3 Bd7 17. h3 Be8 18. Rc2 Nd7 19. Ne2 Rc8 20. Rfc1 Rxc2 21.
Rxc2 Nb6 22. Qb4 Bb5 23. a4 Bxe2 24. Bxb6 Qd7 25. Rxe2 Rc8 26. Rc2 Rxc2 27.
Bxc2 Qc8 28. Qb3 Be5 29. Kf1 Kg7 30. Ke2 Kf6 31. Kd1 Qf8 32. Be3 Qc8 33. f4 1-0

[Event "ODJM A 2015"]
[Site "Willingen GER"]
[Date "2015.05.27"]
[Round "6"]
[White "Tiedemann, Fin Niklas"]
[Black "Lüßmann, Thomas"]
[Result "1/2-1/2"]
[Termination "normal"]
[Board "16"]
[WhiteElo "1774"]
[BlackElo "1911"]
[PlyCount "54"]
[WhiteFideId "12936936"]
[BlackFideId "1270602"]
[EventCountry "GER"]
[EventRounds "9"]
[EventType "swiss"]
[EventDate "2015.05.23"]

1. e4 e6 2. d4 d5 3. Nc3 dxe4 4. Nxe4 Nd7 5. Nf3 Ngf6 6. Bd3 c5 7. c3 Nxe4 8.
Bxe4 Nf6 9. Bc2 Qc7 10. O-O Bd7 11. Re1 Bd6 12. h3 O-O 13. Bg5 Nd5 14. Qd3 g6
15. Bh6 Rfd8 16. Rad1 Bc6 17. dxc5 Bxc5 18. Qc4 Be7 19. Ne5 Rac8 20. Nxc6 Qxc6
21. Qg4 Nc7 22. Bg5 Qc5 23. Bxe7 Qxe7 24. Qe4 Na6 25. Qa4 Qc7 26. Qh4 Qb6 27.
Qf6 Nc5 1/2-1/2

[Event "ODJM A 2015"]
[Site "Willingen GER"]
[Date "2015.05.27"]
[Round "6"]
[White "Boes, Julian"]
[Black "Leonard, Timo"]
[Result "1/2-1/2"]
[Termination "normal"]
[Board "17"]
[WhiteElo "1936"]
[BlackElo "1528"]
[PlyCount "54"]
[WhiteFideId "12907723"]
[BlackFideId "16208757"]
[EventCountry "GER"]
[EventRounds "9"]
[EventType "swiss"]
[EventDate "2015.05.23"]

1. c4 Nf6 2. Nc3 e6 3. d4 b6 4. Bg5 Be7 5. Nf3 d5 6. e3 h6 7. Bh4 O-O 8. cxd5
Nxd5 9. Bxe7 Nxe7 10. Bd3 Bb7 11. O-O Nd7 12. Rc1 Nf6 13. Ne5 Rc8 14. Qa4 a5
15. Rfd1 Ned5 16. Ne2 Nb4 17. Bb1 Qe8 18. Qb3 Nc6 19. Nxc6 Bxc6 20. Ng3 Ba4 21.
Qd3 Bxd1 22. Rxd1 Qc6 23. Nh5 Rfd8 24. Nxf6+ gxf6 25. Qh7+ Kf8 26. Qxh6+ Ke7
27. Qf4 Rg8 1/2-1/2

[Event "ODJM A 2015"]
[Site "Willingen GER"]
[Date "2015.05.27"]
[Round "6"]
[White "Becker, Robin"]
[Black "Biefel, Christian"]
[Result "1-0"]
[Termination "normal"]
[Board "18"]
[WhiteElo "1958"]
[BlackElo "1769"]
[PlyCount "99"]
[WhiteFideId "12955698"]
[BlackFideId "24692646"]
[EventCountry "GER"]
[EventRounds "9"]
[EventType "swiss"]
[EventDate "2015.05.23"]

1. Nc3 d5 2. d4 Nf6 3. Bf4 c5 4. e3 Nc6 5. Nb5 e5 6. dxe5 a6 7. Nc3 d4 8. exf6
dxc3 9. Qxd8+ Nxd8 10. Be5 cxb2 11. Bxb2 gxf6 12. Bxf6 Rg8 13. O-O-O Nc6 14.
Ne2 Be6 15. Kb1 Nb4 16. Nf4 Bxa2+ 17. Kb2 Be6 18. c3 Nc6 19. Bd3 Be7 20. Bxh7
Rg4 21. f3 Rxf4 22. Bxe7 Ra4 23. Bxc5 Ra2+ 24. Kb1 b6 25. Be4 Rc8 26. Rd6 bxc5
27. Bxc6+ Ke7 28. Rxe6+ Kxe6 29. Kxa2 Rxc6 30. Kb3 Rb6+ 31. Kc2 a5 32. h4 a4
33. Ra1 Ra6 34. c4 Kf5 35. g4+ Kg6 36. Kd3 f5 37. gxf5+ Kxf5 38. Ke2 a3 39. Ra2
Ra4 40. Kd3 Ra8 41. Kc2 Ra7 42. Kb3 Re7 43. Ka4 Rxe3 44. Rxa3 Re8 45. Kb5 Rc8
46. Ra6 Kf4 47. Rf6+ Kg3 48. h5 Kh4 49. h6 Kg5 50. Rc6 1-0

[Event "ODJM A 2015"]
[Site "Willingen GER"]
[Date "2015.05.27"]
[Round "6"]
[White "Denkert, Robert"]
[Black "Lai Hop, Long"]
[Result "1/2-1/2"]
[Termination "normal"]
[Board "19"]
[WhiteElo "1737"]
[BlackElo "1885"]
[PlyCount "120"]
[WhiteFideId "12957216"]
[BlackFideId "12942707"]
[EventCountry "GER"]
[EventRounds "9"]
[EventType "swiss"]
[EventDate "2015.05.23"]

1. e4 c5 2. Nc3 e6 3. g3 Nc6 4. Bg2 g6 5. d3 Bg7 6. Be3 Nd4 7. Qd2 Qa5 8. Nf3
Ne7 9. O-O Nec6 10. a3 O-O 11. Bh6 Nxf3+ 12. Bxf3 Nd4 13. Bd1 Re8 14. Bxg7 Kxg7
15. e5 Nb5 16. Ne4 Qxd2 17. Nxd2 d5 18. exd6 Nxd6 19. Bf3 Rb8 20. Ne4 Nxe4 21.
dxe4 Bd7 22. e5 f6 23. Rfd1 Re7 24. exf6+ Kxf6 25. Rd6 b6 26. Rad1 Be8 27. Bc6
Bxc6 28. Rxc6 Rbb7 29. Kg2 Ke5 30. f4+ Ke4 31. Rcd6 Kf5 32. Kf3 Rb8 33. Rd7
Rbe8 34. g4+ Kf6 35. Ke4 h6 36. c3 g5 37. R1d6 gxf4 38. Kxf4 Rg8 39. h4 Reg7
40. Rxg7 Rxg7 41. b4 cxb4 42. cxb4 Re7 43. g5+ hxg5+ 44. hxg5+ Kg6 45. Ke5 Kxg5
46. Rxe6 Rc7 47. Kd4 Kf5 48. Re1 Kf6 49. Re3 Kf5 50. a4 Kf4 51. Re4+ Kf5 52.
Re1 Kf6 53. Kd5 Rc2 54. Rf1+ Ke7 55. Rh1 a5 56. Rh7+ Kd8 57. b5 Kc8 58. Rh4 Kc7
59. Rh7+ Kc8 60. Rh6 Kb7 1/2-1/2

[Event "ODJM A 2015"]
[Site "Willingen GER"]
[Date "2015.05.27"]
[Round "6"]
[White "Scheinhütte, Jakob"]
[Black "Döpper, Anna Bérénice"]
[Result "1/2-1/2"]
[Termination "normal"]
[Board "20"]
[WhiteElo "1789"]
[BlackElo "1600"]
[PlyCount "55"]
[WhiteFideId "24693944"]
[BlackFideId "1271853"]
[EventCountry "GER"]
[EventRounds "9"]
[EventType "swiss"]
[EventDate "2015.05.23"]

1. e4 e6 2. Nf3 d5 3. Nc3 Nf6 4. e5 Nfd7 5. d4 c5 6. dxc5 Nc6 7. Bf4 Bxc5 8.
Bd3 f6 9. exf6 Nxf6 10. O-O O-O 11. Bg3 a6 12. Qd2 Bd6 13. Qg5 Qc7 14. Bxd6
Qxd6 15. Rfe1 Re8 16. Qh4 Qb4 17. Qxb4 Nxb4 18. Na4 Nc6 19. Nb6 Rb8 20. c4 d4
21. a3 Nd7 22. Nxc8 Rbxc8 23. Ng5 h6 24. Ne4 Re7 25. f4 Na5 26. Rac1 Nb3 27.
Rc2 Rc7 28. Nd2 1/2-1/2

[Event "ODJM A 2015"]
[Site "Willingen GER"]
[Date "2015.05.27"]
[Round "6"]
[White "Hesse, Henrik"]
[Black "Engel, Robert"]
[Result "1/2-1/2"]
[Termination "normal"]
[Board "22"]
[WhiteElo "1816"]
[BlackElo "1718"]
[PlyCount "96"]
[WhiteFideId "12952060"]
[BlackFideId "12974684"]
[EventCountry "GER"]
[EventRounds "9"]
[EventType "swiss"]
[EventDate "2015.05.23"]

1. c4 Nf6 2. Nc3 g6 3. d4 Bg7 4. e4 d6 5. Nf3 O-O 6. Be2 Na6 7. O-O e5 8. d5
Nc5 9. Qc2 a5 10. b3 Ne8 11. a3 f5 12. Bg5 Nf6 13. b4 Ncd7 14. exf5 gxf5 15.
Qxf5 h6 16. Bh4 Qe8 17. Qe6+ Kh8 18. Qxe8 Nxe8 19. Ne4 Ndf6 20. Nxf6 Nxf6 21.
Nd2 Bf5 22. b5 b6 23. Rac1 Bg6 24. f3 Nh5 25. Ne4 Nf4 26. Rce1 Rf7 27. Bg3 Raf8
28. Bxf4 Rxf4 29. Bd3 Kh7 30. Kf2 R4f7 31. Ke2 Rf4 32. g3 R4f7 33. Rf2 Bxe4 34.
Bxe4+ Kh8 35. Ref1 Kg8 36. Ke3 Rf6 37. f4 exf4+ 38. Rxf4 Rxf4 39. Rxf4 Rxf4 40.
Kxf4 Kf7 41. Kf5 Be5 42. Bf3 Bc3 43. Bh5+ Ke7 44. Kg6 Bd2 45. Bg4 Bc1 46. a4
Bd2 47. Kg7 Be3 48. Bf3 Bd2 1/2-1/2